| 000 | 00626nam a2200193Ia 4500 | ||
|---|---|---|---|
| 003 | OSt | ||
| 005 | 20210413094424.0 | ||
| 008 | 210310s1982 ck 000 0 spa d | ||
| 040 |
_aCO-JMCR _cCO-JMCR |
||
| 041 | 0 | _aspa | |
| 082 | 0 | 4 |
_a336.2 / _bV422b _223 |
| 100 | 1 |
_aVega Lara, Humberto, _914798 _eautor |
|
| 245 | 1 | 0 |
_aBases para una reforma tributaria / _cHumberto Vega Lara, Hernando Jiménez Posada |
| 260 |
_a[Colombia] : _b[sn], _c1982 |
||
| 300 |
_b43 páginas ; _c28 cm. |
||
| 650 | 0 |
_aCrecimiento económico _914800 _xLegislación _zColombia |
|
| 700 | 1 |
_aJiménez Posada, Hernando, _eautor _936755 |
|
| 942 |
_2ddc _cBK |
||
| 999 |
_c7565 _d7565 |
||